000 00207 a2200097 4500
001 47309
100 _aMilles W
245 _aArms and men
260 _aNew York
_bG P putnam sons
_c
090 _c30347
_d30347
942 _aNUST-CAE
_cM
_c22611
999 _c282382
_d282382